[Event "Toronto NAYCC U10"]
[Site "Toronto"]
[Date "2013.08.15"]
[Round "2"]
[White "Miranda Radbord, Cameron"]
[Black "Atanasov, Dimitar"]
[Result "0-1"]
[WhiteElo "709"]
[BlackElo "916"]
[PlyCount "73"]
[EventDate "2013.08.14"]
[EventType "swiss"]
[EventRounds "9"]
[EventCountry "CAN"]
[SourceTitle "EXT 2022"]
[Source "ChessBase"]
[SourceDate "2021.10.06"]
[SourceVersion "1"]
[SourceVersionDate "2021.10.06"]
[SourceQuality "1"]

1. e4 e6 2. d4 d5 3. e5 c5 4. Nf3 Nc6 5. Bb5 a6 6. Bxc6+ bxc6 7. Nc3 cxd4 8. Nxd4 c5 9. Nde2 Ne7 10. Bd2 Ng6 11. Bf4 Qc7 12. 0-0 Be7 13. Re1 Nxe5 14. Bxe5 Qxe5 15. Ng3 Qc7 16. Qf3 Bb7 17. Qg4 g6 18. Rad1 0-0-0 19. Nce2 Kb8 20. Nc3 Qc6 21. f3 Bc8 22. Qf4+ Qc7 23. Qxf7 Bg5 24. Qxc7+ Kxc7 25. Re5 Bf6 26. Re2 Rhe8 27. Red2 Bb7 28. a3 Bd4+ 29. Kh1 Bxc3 30. bxc3 e5 31. Re1 e4 32. fxe4 dxe4 33. Rde2 e3 34. Rxe3 Rd2 35. Re7+ Kb8 36. Kg1 Rxg2+ 37. Kh1 0-1